Вплив гендерних особливостей на формування іншомовної компетенції у монологічному мовленні студентів початкового етапу ВНЗ (Запис № 284033)

МАРК-запис
000 -LEADER
fixed length control field 02599nam a22001577a 4500
041 ## - LANGUAGE CODE
Language code of text/sound track or separate title ukr
080 ## - UNIVERSAL DECIMAL CLASSIFICATION NUMBER
Universal Decimal Classification number 09
090 ## - LOCALLY ASSIGNED LC-TYPE CALL NUMBER (OCLC); LOCAL CALL NUMBER (OCLC)
Local cutter number (OCLC) ; Book number/undivided call number, CALL (RLIN) ПАН
100 ## - MAIN ENTRY--PERSONAL NAME
Personal name Шатківська В. Л.
245 ## - TITLE STATEMENT
Title Вплив гендерних особливостей на формування іншомовної компетенції у монологічному мовленні студентів початкового етапу ВНЗ
260 ## - PUBLICATION, DISTRIBUTION, ETC. (IMPRINT)
Place of publication, distribution, etc Острог
Name of publisher, distributor, etc КАФ
Date of publication, distribution, etc 2008
300 ## - PHYSICAL DESCRIPTION
Extent 79
520 ## - SUMMARY, ETC.
Summary, etc Вступ<br/>Розділ 1. Гендерні особливості у процесі формування іншомовної комунікативної компетенції у монологічному мовленні студентів початкового етапу у ВНЗ.<br/>1.1. Психолінгвістичні особливості монологічного мовлення студентів початкового етапу вищої школи.<br/>1.2. Понятійний апарат дослідження.<br/>1.3. Гендерні особливості формування іншомовної комунікативної компетенції у науковій літературі.<br/>Розділ 2. Особливості монологічного мовлення студентів початкового етапу у ВНЗ на основі гендерного підходу.<br/>2.1. Дослідження інтересів студентів початкового етапу вищої школи у контексті гендерного підходу.<br/>2.2. Комплекс вправ для формування іншомовної компетенції у монологічному мовленні з урахуванням гендерних особливостей.<br/>Розділ 3. Методика формування комунікативної компетенції монологічного мовлення студентів початкового етапу у ВНЗ на основі гендерного підходу.<br/>3.1. Експериментальна перевірка ефективності формування іншомовної компетенції на основі гендерного підходу.<br/>3.2. Методичні рекомендації для формування комунікативної компетенції на основі тендерного підходу.
-- монологічне мовлення, гендерні особливості
650 ## - SUBJECT ADDED ENTRY--TOPICAL TERM
Topical term or geographic name as entry element Research Papers
942 ## - ADDED ENTRY ELEMENTS (KOHA)
Koha item type Книги
Фонди
Withdrawn status Lost status Source of classification or shelving scheme Damaged status Not for loan Home library Current library Date acquired Source of acquisition Cost, normal purchase price Total Checkouts Full call number Barcode Date last seen Price effective from Koha item type
    Universal Decimal Classification     ВІЛ - Відділ іноземн. літератури НБ ВІЛ - Відділ іноземн. літератури НБ 17/04/2009 Акт №2 1.00   09 213676 15/12/2021 17/04/2009 Книги